Investiční dodavatelské podniky se zahraniční majetkovou účastí.
Špecifické faktory (prírodne podmienky, rozsah spotreby energie, celková stratégia) obchodu investičných celkov. Doterajší stav vývozu investičných celkov z ČSFR. Vytváranie spoločných podnikov na úseku investičných dodávok, ich financovanie, podmienky barterového a väzbového obchodovania. Koordinač...
Enregistré dans:
| Auteur principal: | |
|---|---|
| Format: | Chapitre de livre |
| Langue: | tchèque |
| Sujets: | |
| Tags: |
Pas de tags, Soyez le premier à ajouter un tag!
|
MARC
| LEADER | 00000naa a2200000 4500 | ||
|---|---|---|---|
| 001 | r005562 | ||
| 005 | 20220819175211.9 | ||
| 041 | 0 | |a cze | |
| 044 | |a [CS] | ||
| 245 | 1 | 0 | |a Investiční dodavatelské podniky se zahraniční majetkovou účastí. |c O. Bečvář |
| 520 | |a Špecifické faktory (prírodne podmienky, rozsah spotreby energie, celková stratégia) obchodu investičných celkov. Doterajší stav vývozu investičných celkov z ČSFR. Vytváranie spoločných podnikov na úseku investičných dodávok, ich financovanie, podmienky barterového a väzbového obchodovania. Koordinačné funkcie v jednotlivých druhoch dodávok. | ||
| 610 | 2 | 0 | |a vývoz celkov investičných |
| 610 | 2 | 0 | |a ČSFR |
| 610 | 2 | 0 | |a podnik spoločný |
| 610 | 2 | 0 | |a kapitál zahraničný |
| 610 | 2 | 0 | |a dodávky |
| 610 | 2 | 0 | |a investície |
| 610 | 2 | 0 | |a financovanie |
| 610 | 2 | 0 | |a obchod výmenný |
| 100 | 1 | |a Bečvář, O. | |